000 00493nam a2200205Ia 4500
003 OSt
005 20240924095610.0
008 240126s9999 xx 000 0 und d
020 _a9789384410216
040 _c0
041 _aEnglish
082 _a344.046 MAH;1 R
100 _aMaheshwara Swamy, N. Ranjit, N.
245 0 _aTextbook on environmental law
250 _a2nd ed.
260 _bAsia Law House
_aHydrabad
300 _axlviii, 400
440 _aNULL
942 _cLL
_2ddc
999 _c287649
_d287649